00000000nam##2200000za#4500
0019.580093
003CaOODSP
00520210624190855
007cr |||||||||||
008150406|2007||||xxc|||||o    f|0| 0 eng|d
022 |a1488-5387
040 |aCaOODSP|beng
043 |an-cn---
0861 |aFs97-4/2803E-PDF
1101 |aCanada. |bDepartment of Fisheries and Oceans.
24510|aFish harvesting activities within the proposed Gwaii Haanas National Marine Conservation Area / |h[electronic resource]|cby C.J. Hillier ... [et al.]
260 |aPrince Rupert - British Columbia : |bFisheries and Oceans Canada |c2007.
300 |a73p.|bfigs., references, tables
4901 |aCanadian manuscript report of fisheries and aquatic sciences|x1488-5387|vNo. 2803
500 |aFile reproduced from original print. On t. p. : Habitat and Enhancement. Prince Rupert, British Columbia. The catalogue number and ISSN for the print edition appear in the PDF version.
546 |a(Résumés en français)
590 |a14-13-Supp|b2014-06-23
7201 |aHillier, C. J.
7760#|tFish harvesting activities within the proposed Gwaii Haanas National Marine Conservation Area / |w(CaOODSP)9.618706
830#0|aCanadian manuscript report of fisheries and aquatic sciences,|x1488-5387|vNo. 2803|w(CaOODSP)9.505211
85640|ahttp://publications.gc.ca|qPDF|s2523 KB|uhttps://publications.gc.ca/collections/collection_2014/mpo-dfo/Fs97-4-2803-eng.pdf|yNo. 2803